| 000 | 00828nam a2200265 a 4500 | ||
|---|---|---|---|
| 001 | BRCA_5152 | ||
| 005 | 20190320204948.0 | ||
| 008 | 221110s1949----sp-a######---#000-0#spa-# | ||
| 041 | _aspa | ||
| 044 | _asp | ||
| 050 | 4 |
_aNA5811 _b.M66 10 1949 |
|
| 100 | 1 |
_aHuidobro Serna, Luciano _913174 |
|
| 245 | 1 | 0 |
_aLa Catedral de Burgos _cpor Luciano Huidobro. |
| 260 |
_aMadrid _bPlus-Ultra _c1949 |
||
| 300 |
_a155 p. _bil. _c22 cm. |
||
| 440 | 0 |
_aLos monumentos cardinales de España _v8 _913175 |
|
| 500 | _aVer también C24, E2, E3, E18, E19, E20, E21, E22, E23, E24, E26, E27 | ||
| 500 | _aE25 | ||
| 504 | _aIncluye referencias bibliográficas | ||
| 650 | 1 | 4 |
_aArquitectura religiosa _zEspaña _97863 |
| 650 | 1 | 4 |
_aCatedrales _zEspaña _913176 |
| 651 | 4 |
_aBurgos, España _xCatedral _913177 |
|
| 902 | _aGFM | ||
| 942 |
_2lcc _cB |
||
| 999 |
_c4846 _d4846 |
||